000
00271nam a2200121Ia 4500
008
190216s9999||||xx |||||||||||||| ||und||
100
_a
Naidu B B
245
0
_a
Law And Practice Of Income Tax
260
_b
Null
_c
1980
300
_a
441p
650
_a
Commerce
942
_c
BK
999
_c
4784
_d
4784